| 000 | 00643nam a2200193 a 4500 | ||
|---|---|---|---|
| 005 | 20210219160216.0 | ||
| 008 | 080925s1987 mx r 000 0 spa d | ||
| 035 | _aUPN01000160979 | ||
| 049 | _aUNE | ||
| 080 | _aDO 341.16: 001 (093.2) 1987RES 126a. | ||
| 110 | 2 |
_aUNESCO. Consejo Ejecutivo, 126a.; París : 1987. _n(126a. : _d1987 : _cParis) |
|
| 245 | 1 | 0 | _aActas Resumidas. |
| 260 |
_aParís : _bUNESCO, _c1987. |
||
| 300 | _a349 p. | ||
| 500 | _aIncluye texto en inglés, francés, chino, ruso y español | ||
| 690 | _aAcuerdos- Consejo ejecutivo de la UNESCO | ||
| 690 | _aConsejo ejecutivo de la UNESCO- Acuerdos | ||
| 905 | _aUNESCO | ||
| 999 |
_c133092 _d133092 |
||